[Event "St Petersburg Korchnoi Memorial op"]
[Site "St Petersburg"]
[Date "2019.08.15"]
[Round "2"]
[White "Tolstykh, Kirill"]
[Black "Tushar, Anand"]
[Result "0-1"]
[WhiteElo "1628"]
[BlackElo "1945"]
[PlyCount "40"]
[EventDate "2019.08.14"]
[EventType "swiss"]
[EventRounds "9"]
[EventCountry "RUS"]
[SourceTitle "CBM 192"]
[Source "ChessBase"]
[SourceDate "2019.10.31"]
[SourceVersion "1"]
[SourceVersionDate "2019.10.31"]
[SourceQuality "1"]

1. d4 Nf6 2. c4 g6 3. Nf3 Bg7 4. g3 d5 5. cxd5 Nxd5 6. Bg2 0-0 7. 0-0 Nb6 8. Nc3 Nc6 9. e3 Bd7 10. b3 Qc8 11. Re1 Rd8 12. Qe2 Bg4 13. Qf1 e5 14. Nxe5 Nxe5 15. dxe5 Bxe5 16. Bb2 Rd2 17. Rab1 Rxb2 18. Rxb2 Bxc3 19. Rc2 Bxe1 20. Qxe1 c6 0-1

[Event "St Petersburg Korchnoi Memorial op"]
[Site "St Petersburg"]
[Date "2019.08.14"]
[Round "1"]
[White "Tushar, Anand"]
[Black "Polschikov, Alexey"]
[Result "0-1"]
[WhiteElo "1945"]
[BlackElo "2410"]
[PlyCount "124"]
[EventDate "2019.08.14"]
[EventType "swiss"]
[EventRounds "9"]
[EventCountry "RUS"]
[SourceTitle "CBM 192"]
[Source "ChessBase"]
[SourceDate "2019.10.31"]
[SourceVersion "1"]
[SourceVersionDate "2019.10.31"]
[SourceQuality "1"]

1. e4 c5 2. Nf3 d6 3. Bb5+ Nd7 4. 0-0 Ngf6 5. e5 dxe5 6. Nxe5 a6 7. Nxd7 Nxd7 8. Be2 Ne5 9. d3 Nc6 10. Be3 e5 11. Nd2 Be7 12. f4 exf4 13. Rxf4 0-0 14. Nb3 Bd6 15. Rf3 Re8 16. Bf2 Bg4 17. Re3 Rxe3 18. Bxe3 Qe7 19. Bxg4 Qxe3+ 20. Kh1 Re8 21. Qf3 Qe5 22. g3 Qxb2 23. Rf1 Re7 24. Qf5 g6 25. Qd5 Qe5 26. Qxe5 Nxe5 27. Bh3 c4 28. dxc4 Nxc4 29. Rd1 Kg7 30. a4 Rc7 31. Bg2 Be7 32. a5 Ne3 33. Rd2 Nxc2 34. Be4 Ne3 35. Rd3 Ng4 36. Rd2 Rc3 37. Nd4 Bb4 38. Kg2 Rc4 39. Rd3 Ne5 40. Bd5 Rc5 41. Rb3 Rxd5 42. Rxb4 Nd3 43. Ra4 Kf6 44. Nf3 h6 45. Ra3 Ke7 46. h4 Kd6 47. Rb3 Kc7 48. Rc3+ Kd6 49. Rb3 Kc5 50. Rxb7 f5 51. Rc7+ Kb5 52. Rg7 Rd6 53. h5 gxh5 54. Rf7 Kxa5 55. Rxf5+ Kb4 56. Rxh5 a5 57. Rh1 a4 58. Rb1+ Kc3 59. Ra1 Nc5 60. Rc1+ Kb4 61. Rb1+ Nb3 62. Ne1 Kc3 0-1

[Event "Prague op-B 18th"]
[Site "Prague"]
[Date "2019.01.14"]
[Round "5"]
[White "Ziabari, Morteza"]
[Black "Tushar, Anand"]
[Result "0-1"]
[WhiteElo "1927"]
[BlackElo "1948"]
[PlyCount "54"]
[EventDate "2019.01.11"]
[EventType "swiss"]
[EventRounds "9"]
[EventCountry "CZE"]
[SourceTitle "CBM 188 Extra"]
[Source "ChessBase"]
[SourceDate "2019.02.26"]
[SourceVersion "1"]
[SourceVersionDate "2019.02.26"]
[SourceQuality "1"]

1. e4 c5 2. Nc3 e6 3. Nf3 Nc6 4. d4 cxd4 5. Nxd4 Nf6 6. Be3 Bb4 7. f3 d5 8. Nxc6 bxc6 9. e5 Nd7 10. f4 Qa5 11. Bd2 Qb6 12. Qg4 g6 13. a3 Bc5 14. Qg3 Qxb2 15. Ra2 Qb6 16. Bd3 Ba6 17. Ke2 Bxd3+ 18. cxd3 Qa6 19. Rb1 Rb8 20. Rxb8+ Nxb8 21. f5 exf5 22. e6 0-0 23. exf7+ Kxf7 24. Qc7+ Be7 25. Bg5 Re8 26. Kd2 Qb6 27. Qxb6 Bxg5+ 0-1

[Event "Hong Kong op"]
[Site "Hong Kong"]
[Date "2016.10.24"]
[Round "4"]
[White "Medarde Santiago, Luis Marcos"]
[Black "Tushar, Anand"]
[Result "1-0"]
[WhiteElo "2348"]
[BlackElo "1952"]
[PlyCount "47"]
[EventDate "2016.10.03"]
[EventType "swiss"]
[EventRounds "9"]
[EventCountry "HKG"]
[SourceTitle "EXT 2018"]
[Source "ChessBase"]
[SourceDate "2017.10.13"]
[SourceVersion "1"]
[SourceVersionDate "2017.10.13"]
[SourceQuality "1"]

1. e4 e5 2. Nf3 Nc6 3. d4 exd4 4. Nxd4 Bc5 5. Nb3 Bb6 6. Nc3 d6 7. Qe2 Be6 8. Be3 Qf6 9. 0-0-0 Nge7 10. Nd5 Bxd5 11. exd5 Ne5 12. Bxb6 axb6 13. Qb5+ Nd7 14. Kb1 Qxf2 15. g3 Qf5 16. Bg2 0-0-0 17. Nd4 Qh5 18. Bf3 Qh3 19. Rd3 Ng6 20. Ra3 Nge5 21. Ra8+ Nb8 22. Nc6 Nexc6 23. dxc6 d5 24. Qa4 1-0

[Event "Hong Kong op"]
[Site "Hong Kong"]
[Date "2016.10.17"]
[Round "3"]
[White "Woo, Nicholas Tsz Chuen"]
[Black "Tushar, Anand"]
[Result "0-1"]
[WhiteElo "1565"]
[BlackElo "1952"]
[PlyCount "44"]
[EventDate "2016.10.03"]
[EventType "swiss"]
[EventRounds "9"]
[EventCountry "HKG"]
[SourceTitle "EXT 2018"]
[Source "ChessBase"]
[SourceDate "2017.10.13"]
[SourceVersion "1"]
[SourceVersionDate "2017.10.13"]
[SourceQuality "1"]

1. e4 e5 2. Nf3 Nc6 3. Bc4 Bc5 4. 0-0 d6 5. h3 Nf6 6. Re1 Be6 7. Bb5 Bd7 8. c3 a6 9. Ba4 h6 10. b4 Bb6 11. Bb2 0-0 12. a3 Re8 13. Bc2 Nh5 14. d4 Nf4 15. d5 Ne7 16. Nbd2 Neg6 17. Nf1 Qf6 18. Bc1 Bxh3 19. Bxf4 Nxf4 20. gxh3 Qg6+ 21. Ng3 Qxg3+ 22. Kh1 Qg2# 0-1

[Event "Hong Kong-ch op"]
[Site "Hong Kong"]
[Date "2015.09.07"]
[Round "2"]
[White "Tushar, Anand"]
[Black "Mahajan, Ritesh"]
[Result "1-0"]
[WhiteElo "1817"]
[BlackElo "1657"]
[PlyCount "77"]
[EventDate "2015.09.03"]
[EventType "swiss"]
[EventRounds "9"]
[EventCountry "HKG"]
[SourceTitle "EXT 2017"]
[Source "ChessBase"]
[SourceDate "2016.10.25"]
[SourceVersion "1"]
[SourceVersionDate "2016.10.25"]
[SourceQuality "1"]

1. e4 e6 2. Nc3 d5 3. d3 d4 4. Nce2 c5 5. g3 Nf6 6. Bg2 Nc6 7. f4 Be7 8. Nf3 0-0 9. 0-0 Rb8 10. h3 b5 11. g4 Qb6 12. f5 exf5 13. gxf5 c4 14. Bf4 Nxe4 15. Bxb8 Nxb8 16. dxe4 d3+ 17. Ned4 Nc6 18. c3 Bf6 19. Kh1 Nxd4 20. Nxd4 Bxd4 21. cxd4 Qxd4 22. Qd2 Bb7 23. Qf2 Rd8 24. Qxd4 Rxd4 25. e5 Bc8 26. a3 Kf8 27. Rae1 Ke7 28. Bc6 a6 29. Re4 Rd8 30. Ref4 Kf8 31. Kg1 Bd7 32. Bxd7 Rxd7 33. Kf2 Rd5 34. e6 Ke7 35. exf7 Kxf7 36. Ke3 Kf6 37. Re4 d2 38. Rd4 Rc5 39. Kxd2 1-0